Ensayo de un diccionario de artífices coloniales de la América Meridional / (Record no. 149630)

MARC details
000 -LEADER
campo de control de longitud fija 00506nam a2200157 i 4500
001 - NÚMERO DE CONTROL
campo de control 149630
003 - IDENTIFICADOR DE NÚMERO DE CONTROL
campo de control ES-MaACL
005 - FECHA Y HORA DE LA ÚLTIMA TRANSACCIÓN
campo de control 20230906203202.0
007 - CAMPO FIJO DE DESCRIPCIÓN FÍSICA--INFORMACIÓN GENERAL
campo de control de longitud fija t|
008 - DATOS DE LONGITUD FIJA--INFORMACIÓN GENERAL
campo de control de longitud fija 071023s1947 sp ||||1| spa d
100 1# - ENTRADA PRINCIPAL--NOMBRE DE PERSONA
Nombre de persona Vargas Ugarte, Rubén.
9 (RLIN) 113216
245 10 - MENCIÓN DEL TÍTULO
Título Ensayo de un diccionario de artífices coloniales de la América Meridional /
Mención de responsabilidad, etc. Rubén Vargas Ugarte.
260 ## - PUBLICACIÓN, DISTRIBUCIÓN, ETC.
Lugar de publicación, distribución, etc. [S.l. :
Nombre del editor, distribuidor, etc. s.n.],
Fecha de publicación, distribución, etc. 1947 (
Fabricante Talls. Gráfs. A. Baiocco)
300 ## - DESCRIPCIÓN FÍSICA
Extensión 391 p. ;
Dimensiones 24 cm.
852 ## - LOCALIZACIÓN
Ubicación ES-MaACL
Número de control de estantería D-6828
Sublocalización o colección R.27217
Holdings
Estatus retirado Estado de pérdida Estado de daño No para préstamo Colección Biblioteca de origen Biblioteca actual Ubicación en estantería Fecha de adquisición Fuente de adquisición Total de préstamos Signatura topográfica completa Código de barras Visto por última vez Precio de reemplazo Tipo de ítem Koha
        Colección de referencia Biblioteca del Ateneo de Madrid Biblioteca del Ateneo de Madrid Sala Valle Inclán 17/01/2008     D-6828 901156145 23/02/2023 23/02/2023 Libro impreso